Bulletin of the Egyptian Library : general catalogue of additions : 1948 /

محفوظ في:

مؤلفون مشاركون: Dar al-Kutub al-Misriyah., Dar al-Kutub al-Misriyah, Egyptian Library.

التنسيق: وقائع المؤتمر كتاب

اللغة: English

منشور في: Cairo, Egypt : Dr al-Kutub al-Miryah, 1949.

سلاسل: Mabt Dr al-Kutub al-Miryah

الموضوعات:

الوسوم: إضافة وسم

لا توجد وسوم, كن أول من يضع وسما على هذه التسجيلة!

رقم الطلب: Z965 .C1376 1949

LEADER 00677cam a2200205Ma 4500
001 on1204459755
003 OCoLC
005 20240212135123.0
008 991230s1949 ua 000 0 eng d
110 2 |a Dar al-Kutub al-Misriyah. 
050 4 |a Z965  |b .C1376 1949 
110 2 |a Dar al-Kutub al-Misriyah 
245 1 0 |a Bulletin of the Egyptian Library :  |b general catalogue of additions : 1948 /  |c Dar al-Kutub al-Misriyah, Egyptian Library. 
264 1 |a Cairo, Egypt :  |b Dr al-Kutub al-Miryah,  |c 1949. 
300 |a 467, [12] pages ;  |c 24 cm 
490 0 0 |a Mabt Dr al-Kutub al-Miryah 
650 0 |a Catalogs. 
651 0 |a Egypt  |v Bibliography. 
711 2 |a Egyptian Library. 
999 |c 56731  |d 56731